| 000 | 00695cab a2200217 4500 | ||
|---|---|---|---|
| 001 | WB2849-29 | ||
| 008 | 090401t1992 xxu||||| |||| 00| 0 eng d | ||
| 035 | _a(Sirsi) u45462 | ||
| 041 | _aeng | ||
| 245 | _a`Lost` tender allegation | ||
| 260 | _c1992 | ||
| 350 | _a0 | ||
| 490 |
_aTimes _v12 December 1992, 21(1) |
||
| 520 | _aA claim on buildings insurance for subsidence has left a householder facing a possible bill for £400,000 for costs and a tarnished reputation. It is alleged that he claimed for more than he should have done. | ||
| 650 | _aESTIMATES | ||
| 650 | _aINSURANCE CLAIM | ||
| 650 | _aSUBSIDENCE | ||
| 690 |
_aINSURANCE _96249 |
||
| 942 | _n0 | ||
| 948 | _c04/03/1997 | ||
| 999 |
_c28835 _d28835 |
||